[Event "Copenhagen Obro op"]
[Site "Copenhagen"]
[Date "2022.08.23"]
[Round "3"]
[White "Rakshitta, Ravi"]
[Black "Johansson, Thomas"]
[Result "1-0"]
[WhiteElo "2111"]
[BlackElo "2209"]
[PlyCount "71"]
[EventDate "2022.08.22"]
[EventType "swiss"]
[EventRounds "9"]
[EventCountry "DEN"]
[SourceTitle "CBM 209 Extra"]
[Source "ChessBase"]
[SourceDate "2022.09.30"]
[SourceVersion "1"]
[SourceVersionDate "2022.09.30"]
[SourceQuality "1"]

1. e4 c5 2. Nf3 Nc6 3. Bb5 g6 4. 0-0 Bg7 5. c3 d6 6. d4 cxd4 7. cxd4 a6 8. Ba4 b5 9. Bb3 Nf6 10. h3 0-0 11. e5 Ne8 12. Ng5 d5 13. a4 b4 14. Bc2 Qb6 15. Be3 f6 16. Nxh7 f5 17. Nxf8 Bxf8 18. Nd2 Ng7 19. Nf3 a5 20. Nh4 Kf7 21. Qf3 b3 22. Bb1 Nb4 23. g4 e6 24. Qf4 Ba6 25. Qh6 Bxf1 26. Qxg6+ Kg8 27. Nxf5 Nc2 28. Nh6+ Kh8 29. Nf7+ Kg8 30. Ng5 Bd3 31. Qxd3 Nf5 32. Bxc2 bxc2 33. gxf5 Qxb2 34. Rc1 Rc8 35. f6 Qb7 36. Qg6+ 1-0

[Event "SWE-chB"]
[Site "Helsingborg"]
[Date "2021.07.10"]
[Round "8"]
[White "Nikolic, Vladan"]
[Black "Johansson, Thomas"]
[Result "0-1"]
[WhiteElo "2222"]
[BlackElo "2254"]
[PlyCount "90"]
[EventDate "2021.07.03"]
[EventType "tourn"]
[EventRounds "9"]
[EventCountry "SWE"]
[EventCategory "3"]
[SourceTitle "CBM 203 Extra"]
[Source "ChessBase"]
[SourceDate "2021.09.30"]
[SourceVersion "1"]
[SourceVersionDate "2021.09.30"]
[SourceQuality "1"]

1. d4 g6 2. e4 Nf6 3. e5 Nh5 4. Be2 d6 5. Bxh5 gxh5 6. exd6 Qxd6 7. c3 Bg4 8. Ne2 Nd7 9. Na3 0-0-0 10. Be3 Qa6 11. h3 Bf5 12. Qb3 e6 13. c4 Be4 14. f3 Bc6 15. Nb5 b6 16. a4 Qb7 17. 0-0 Rg8 18. Kh1 Be7 19. Bg1 Rg5 20. Nf4 Rf5 21. Bh2 a6 22. Qc2 Bg5 23. Nxh5 axb5 24. axb5 Bxf3 25. gxf3 Be3 26. Qe2 Bxd4 27. Ng3 Re5 28. Ne4 Rh5 29. Qg2 f5 30. Ng3 Rh4 31. Ra3 Rg8 32. Rfa1 Rf4 33. Qe2 Rg6 34. Nh5 Rh4 35. Ra7 Qxa7 36. Rxa7 Rxh3 37. Ra1 Rxh5 38. Rd1 Bc5 39. b4 Bd6 40. Rxd6 cxd6 41. c5 Rgh6 42. Qd3 Rxh2+ 43. Kg1 Rh1+ 44. Kg2 f4 45. cxd6 R6h2# 0-1

[Event "SWE-chB"]
[Site "Helsingborg"]
[Date "2021.07.08"]
[Round "6"]
[White "Sorensen, Hampus"]
[Black "Johansson, Thomas"]
[Result "1-0"]
[WhiteElo "2400"]
[BlackElo "2254"]
[PlyCount "69"]
[EventDate "2021.07.03"]
[EventType "tourn"]
[EventRounds "9"]
[EventCountry "SWE"]
[EventCategory "3"]
[SourceTitle "CBM 203 Extra"]
[Source "ChessBase"]
[SourceDate "2021.09.30"]
[SourceVersion "1"]
[SourceVersionDate "2021.09.30"]
[SourceQuality "1"]

1. d4 d5 2. c4 dxc4 3. Nf3 Nf6 4. e3 Bg4 5. Bxc4 e6 6. Qb3 Bxf3 7. gxf3 Nbd7 8. Nc3 Nb6 9. Be2 Be7 10. f4 0-0 11. Bf3 c6 12. Bd2 a5 13. Rd1 Nfd5 14. a3 a4 15. Qa2 Nxc3 16. bxc3 Qc7 17. 0-0 c5 18. Rb1 Ra7 19. Rb5 Nd7 20. Rfb1 b6 21. e4 Raa8 22. e5 Rac8 23. d5 exd5 24. Bxd5 c4 25. Be3 g5 26. e6 Nf6 27. exf7+ Kg7 28. fxg5 Nxd5 29. Rxd5 Qc6 30. Qd2 Rfd8 31. Bd4+ Kf8 32. Rxd8+ Rxd8 33. Qf4 b5 34. Re1 Bxa3 35. Qe5 1-0

[Event "SWE-chB"]
[Site "Helsingborg"]
[Date "2021.07.05"]
[Round "3"]
[White "Johansson, Thomas"]
[Black "Furhoff, Johan"]
[Result "0-1"]
[WhiteElo "2254"]
[BlackElo "2324"]
[PlyCount "56"]
[EventDate "2021.07.03"]
[EventType "tourn"]
[EventRounds "9"]
[EventCountry "SWE"]
[EventCategory "3"]
[SourceTitle "CBM 203 Extra"]
[Source "ChessBase"]
[SourceDate "2021.09.30"]
[SourceVersion "1"]
[SourceVersionDate "2021.09.30"]
[SourceQuality "1"]

1. b3 e5 2. Bb2 Nc6 3. c4 f5 4. e3 Nf6 5. Nc3 Bc5 6. Nge2 d6 7. a3 a6 8. d3 0-0 9. g3 f4 10. gxf4 Bg4 11. Qd2 Bf3 12. Rg1 Ng4 13. Rg3 exf4 14. Rxg4 Bxg4 15. 0-0-0 fxe3 16. fxe3 Rf2 17. d4 Bb6 18. Ne4 Rxh2 19. Re1 Qh4 20. c5 Ba7 21. cxd6 Bxe2 22. Bxe2 Rh1 23. Ng3 Rxe1+ 24. Qxe1 cxd6 25. Bc4+ Kh8 26. Qf2 Re8 27. Be6 Qh6 28. Nf5 Qxe6 0-1

[Event "Copenhagen Obro New Year op"]
[Site "Copenhagen"]
[Date "2019.12.28"]
[Round "3"]
[White "Vasli, Aref"]
[Black "Johansson, Thomas"]
[Result "1-0"]
[WhiteElo "2413"]
[BlackElo "2241"]
[PlyCount "69"]
[EventDate "2019.12.27"]
[EventType "swiss"]
[EventRounds "7"]
[EventCountry "DEN"]
[SourceTitle "CBM 194 Extra"]
[Source "ChessBase"]
[SourceDate "2020.03.31"]
[SourceVersion "1"]
[SourceVersionDate "2020.03.31"]
[SourceQuality "1"]

1. e4 e5 2. Nf3 Nf6 3. Nxe5 d6 4. Nf3 Nxe4 5. c4 Be7 6. Nc3 Nxc3 7. dxc3 0-0 8. Be3 Nd7 9. Qc2 Ne5 10. Nxe5 dxe5 11. Rd1 Qe8 12. Qe4 Qa4 13. Bd3 g6 14. Qxe5 Re8 15. 0-0 Bd6 16. Qg5 Bd7 17. Bd4 Re6 18. b3 Qc6 19. b4 b6 20. b5 Qb7 21. Bf5 Be7 22. Qg4 h5 23. Qg3 h4 24. Qg4 Kf8 25. Bxe6 Bxe6 26. Qf4 h3 27. gxh3 Ke8 28. Rfe1 g5 29. Qe5 Qf3 30. Qe4 Qxe4 31. Rxe4 Bxc4 32. Bxb6 axb6 33. Rxc4 Bc5 34. a4 Ke7 35. Rd5 1-0

[Event "Copenhagen Obro New Year op"]
[Site "Copenhagen"]
[Date "2017.??.??"]
[Round "4"]
[White "Antonsen, Mikkel"]
[Black "Johansson, Thomas"]
[Result "1/2-1/2"]
[WhiteElo "2450"]
[BlackElo "2160"]
[PlyCount "142"]
[EventDate "2017.12.27"]
[EventType "swiss"]
[EventRounds "7"]
[EventCountry "DEN"]
[SourceTitle "CBM 182 Extra"]
[Source "ChessBase"]
[SourceDate "2018.02.23"]
[SourceVersion "1"]
[SourceVersionDate "2018.02.23"]
[SourceQuality "1"]

1. d4 Nf6 2. c4 d6 3. Nf3 Nbd7 4. Nc3 e5 5. e4 c6 6. Be2 Be7 7. 0-0 0-0 8. Qc2 Re8 9. Rd1 Qc7 10. Be3 a6 11. Rac1 Qb8 12. a3 Ng4 13. Bd2 exd4 14. Nxd4 Nde5 15. h3 Nf6 16. Be3 h6 17. Bf1 Bf8 18. Bf4 Qa7 19. Kh1 Be6 20. Nxe6 Rxe6 21. Be3 Qb8 22. Re1 b5 23. cxb5 axb5 24. Rcd1 b4 25. axb4 Qxb4 26. Bc1 Ned7 27. f3 d5 28. Bd2 Qb8 29. exd5 cxd5 30. Rxe6 fxe6 31. Nb5 Nh5 32. Be1 Bc5 33. b4 Bb6 34. Qc6 Nf8 35. Qd6 Qb7 36. Qe5 Nf6 37. Rc1 Qf7 38. Qd6 Be3 39. Rc7 N6d7 40. Qc6 Ra2 41. Qc3 Qf4 42. Bg3 Qxg3 43. Qxe3 Ne5 44. Rc8 Rf2 45. Qe1 Rxg2 46. Qxg3 Rxg3 47. Bg2 Nd3 48. Nd4 Nf4 49. b5 e5 50. b6 Rxg2 51. Ne6 Rb2 52. Rxf8+ Kh7 53. Nxf4 exf4 54. Rd8 Rxb6 55. Rxd5 Rb2 56. Kg1 Kg6 57. Ra5 Kf6 58. Rc5 Re2 59. Ra5 Re5 60. Ra7 g6 61. h4 g5 62. Ra6+ Re6 63. hxg5+ hxg5 64. Ra5 Kg6 65. Ra8 Kh5 66. Kf2 Rb6 67. Rh8+ Rh6 68. Rg8 Kh4 69. Kg2 Kh5 70. Kf2 Ra6 71. Rh8+ Rh6 1/2-1/2

[Event "SWE-chT 1415 Superettan"]
[Site "Sweden"]
[Date "2015.03.22"]
[Round "9"]
[White "Lindgren, Fredrik"]
[Black "Johansson, Thomas"]
[Result "0-1"]
[WhiteElo "2233"]
[BlackElo "2201"]
[PlyCount "122"]
[EventDate "2014.11.21"]
[EventType "team-tourn"]
[EventRounds "9"]
[EventCountry "SWE"]
[SourceTitle "EXT 2018"]
[Source "ChessBase"]
[SourceDate "2017.10.13"]
[SourceVersion "1"]
[SourceVersionDate "2017.10.13"]
[SourceQuality "1"]
[WhiteTeam "Umea Rockaden"]
[BlackTeam "Upsala"]
[WhiteTeamCountry "SWE"]
[BlackTeamCountry "SWE"]

1. d4 Nf6 2. Nf3 d5 3. c4 c6 4. e3 a6 5. Bd3 g6 6. 0-0 Bg7 7. Nbd2 0-0 8. b3 Bg4 9. h3 Bxf3 10. Qxf3 Nbd7 11. Bb2 Re8 12. cxd5 cxd5 13. Rfc1 Qa5 14. Qe2 Rec8 15. a3 e6 16. Nf3 Ne4 17. b4 Qd8 18. Bxe4 dxe4 19. Nd2 Nf6 20. a4 Bf8 21. b5 axb5 22. Qxb5 Qd5 23. Rab1 Qxb5 24. axb5 Bb4 25. Nc4 Nd5 26. Kh2 Rc7 27. Ne5 Rac8 28. Nd7 f6 29. Nc5 Bxc5 30. dxc5 Rxc5 31. Rxc5 Rxc5 32. Bd4 Rc2 33. Ra1 e5 34. Ba7 Kf7 35. Ra4 f5 36. Bb8 Rb2 37. Bxe5 Rxb5 38. Bd4 h5 39. Ra8 Ne7 40. Rh8 Nc6 41. Rh7+ Ke6 42. Bh8 Ne7 43. Bd4 Rd5 44. Kg3 Rd7 45. Rg7 b5 46. f3 exf3 47. Kxf3 b4 48. Rh7 b3 49. Rh8 Nc6 50. Re8+ Re7 51. Rxe7+ Kxe7 52. Bc3 Ke6 53. Kf4 Na5 54. e4 fxe4 55. Kxe4 Nc4 56. Kf4 b2 57. Bxb2 Nxb2 58. Kg5 Kf7 59. h4 Kg7 60. g4 hxg4 61. Kxg4 Kh6 0-1

[Event "SWE-chT 1415 Superettan"]
[Site "Sweden"]
[Date "2015.01.17"]
[Round "4"]
[White "Johansson, Thomas"]
[Black "Gummesson, Anton"]
[Result "1/2-1/2"]
[WhiteElo "2201"]
[BlackElo "1863"]
[PlyCount "94"]
[EventDate "2014.11.21"]
[EventType "team-tourn"]
[EventRounds "9"]
[EventCountry "SWE"]
[SourceTitle "EXT 2018"]
[Source "ChessBase"]
[SourceDate "2017.10.13"]
[SourceVersion "1"]
[SourceVersionDate "2017.10.13"]
[SourceQuality "1"]
[WhiteTeam "Upsala"]
[BlackTeam "Orebro"]
[WhiteTeamCountry "SWE"]
[BlackTeamCountry "SWE"]

1. d4 Nf6 2. c4 g6 3. Nc3 Bg7 4. e4 d6 5. h3 0-0 6. Nge2 c5 7. d5 b5 8. cxb5 a6 9. Ng3 e6 10. Be2 exd5 11. exd5 axb5 12. Bxb5 Qa5 13. 0-0 Bb7 14. a4 Na6 15. Bf4 Rfd8 16. Qd2 Nb4 17. Bg5 Rdb8 18. Nge4 Nxe4 19. Nxe4 Nxd5 20. Qxa5 Rxa5 21. Nxd6 Ba8 22. Nc4 Ra7 23. Rad1 h6 24. Be3 Nxe3 25. fxe3 Re7 26. Rd2 Be4 27. Rfd1 g5 28. Rd8+ Rxd8 29. Rxd8+ Kh7 30. Rd6 h5 31. Bc6 Bc2 32. a5 Bb3 33. Nd2 Be5 34. Be4+ Kg7 35. Rb6 Be6 36. Rb7 Re8 37. a6 Rd8 38. a7 Bg3 39. Rxf7+ Kxf7 40. a8Q Rxa8 41. Bxa8 Be5 42. Ne4 Bxb2 43. Nxg5+ Ke7 44. Nxe6 Kxe6 45. g3 Bf6 46. Kf2 h4 47. g4 Ke5 1/2-1/2

[Event "SWE-chT 1415 Superettan"]
[Site "Sweden"]
[Date "2014.11.23"]
[Round "3"]
[White "Johansson, Thomas"]
[Black "Gutzmann, Tobias"]
[Result "1-0"]
[WhiteElo "2201"]
[BlackElo "2123"]
[PlyCount "77"]
[EventDate "2014.11.21"]
[EventType "team-tourn"]
[EventRounds "9"]
[EventCountry "SWE"]
[SourceTitle "EXT 2018"]
[Source "ChessBase"]
[SourceDate "2017.10.13"]
[SourceVersion "1"]
[SourceVersionDate "2017.10.13"]
[SourceQuality "1"]
[WhiteTeam "Upsala"]
[BlackTeam "Vaxjo"]
[WhiteTeamCountry "SWE"]
[BlackTeamCountry "SWE"]

1. d4 e6 2. c4 f5 3. Nf3 Nf6 4. g3 d5 5. Bg2 c6 6. 0-0 Bd6 7. b3 Qe7 8. Bb2 0-0 9. Qc1 Bd7 10. Ba3 Bxa3 11. Nxa3 Be8 12. Qb2 Nbd7 13. Nc2 Bh5 14. Nce1 Bxf3 15. Nxf3 Ne4 16. e3 g5 17. Rac1 f4 18. Ne1 fxg3 19. hxg3 Nef6 20. Nd3 Qg7 21. Qe2 Rae8 22. e4 dxe4 23. Bxe4 h5 24. Bf3 g4 25. Bg2 Nh7 26. Rcd1 Ng5 27. Qe3 Nf3+ 28. Bxf3 Rxf3 29. Qe4 h4 30. Kg2 Nf6 31. Qe5 hxg3 32. fxg3 Qh7 33. Rxf3 gxf3+ 34. Kxf3 Qg6 35. Kg2 Ng4 36. Qe2 Qg5 37. Re1 Qh5 38. Rh1 Ne3+ 39. Qxe3 1-0

[Event "Berlin Spring op-A"]
[Site "Berlin"]
[Date "2014.05.02"]
[Round "3"]
[White "Rabiega, Robert"]
[Black "Johansson, Thomas"]
[Result "1-0"]
[WhiteElo "2494"]
[BlackElo "2200"]
[PlyCount "81"]
[EventDate "2014.05.01"]
[EventType "swiss"]
[EventRounds "7"]
[EventCountry "GER"]
[SourceTitle "CBM 160 Extra"]
[Source "ChessBase"]
[SourceDate "2014.07.01"]
[SourceVersion "1"]
[SourceVersionDate "2014.07.01"]
[SourceQuality "1"]

1. e4 c5 2. c3 d6 3. d4 Nf6 4. Bd3 g6 5. Nf3 Bg7 6. dxc5 dxc5 7. e5 Nfd7 8. Qe2 Nc6 9. Bb5 Nf8 10. 0-0 Qc7 11. Bf4 a6 12. Bd3 Bf5 13. Re1 Bxd3 14. Qxd3 Ne6 15. Bg3 0-0 16. Nbd2 b5 17. Qe4 c4 18. b3 cxb3 19. axb3 Rfd8 20. Nf1 Na5 21. Qc2 b4 22. c4 Nb7 23. Ne3 a5 24. Qe2 Nbc5 25. Nd5 Qb7 26. Qe3 h6 27. h4 Rd7 28. h5 g5 29. Red1 Ra7 30. Nh2 a4 31. bxa4 b3 32. Ng4 Rxa4 33. Qe2 Rxa1 34. Rxa1 b2 35. Rb1 Na4 36. Qc2 Nec5 37. e6 fxe6 38. Nxh6+ Kh8 39. Nf7+ Kg8 40. Qg6 Kf8 41. Nxg5 1-0

[Event "Berlin Spring op-A"]
[Site "Berlin"]
[Date "2014.05.01"]
[Round "1"]
[White "Klaus, Johannes"]
[Black "Johansson, Thomas"]
[Result "0-1"]
[WhiteElo "1947"]
[BlackElo "2200"]
[PlyCount "68"]
[EventDate "2014.05.01"]
[EventType "swiss"]
[EventRounds "7"]
[EventCountry "GER"]
[SourceTitle "CBM 160 Extra"]
[Source "ChessBase"]
[SourceDate "2014.07.01"]
[SourceVersion "1"]
[SourceVersionDate "2014.07.01"]
[SourceQuality "1"]

1. d4 Nf6 2. Nf3 g6 3. g3 Bg7 4. Bg2 0-0 5. 0-0 d6 6. Nbd2 Nc6 7. c3 e5 8. e4 exd4 9. cxd4 d5 10. e5 Ne4 11. Nb3 a5 12. Be3 a4 13. Nc1 a3 14. b3 b6 15. Nd3 Ba6 16. Rc1 Bxd3 17. Qxd3 Nb4 18. Qb1 c5 19. dxc5 bxc5 20. Bxc5 Nxc5 21. Rxc5 Qe7 22. Rb5 Rab8 23. Ra5 Ra8 24. Rb5 Rfb8 25. Rxb8+ Rxb8 26. Re1 Rc8 27. Rc1 Rc5 28. Bf1 Qc7 29. Rxc5 Qxc5 30. Bd3 Qc3 31. Ne1 Bxe5 32. Kg2 Qd2 33. Nf3 Qxd3 34. Qe1 Bc3 0-1

[Event "Heart of Finland op 23rd"]
[Site "Jyvaskyla"]
[Date "2013.07.08"]
[Round "1"]
[White "Pohjala, Henri"]
[Black "Johansson, Thomas"]
[Result "1-0"]
[WhiteElo "2338"]
[BlackElo "2152"]
[PlyCount "97"]
[EventDate "2013.07.08"]
[EventType "swiss"]
[EventRounds "9"]
[EventCountry "FIN"]
[SourceTitle "EXT 2022"]
[Source "ChessBase"]
[SourceDate "2021.10.06"]
[SourceVersion "1"]
[SourceVersionDate "2021.10.06"]
[SourceQuality "1"]

1. d4 e6 2. Nf3 Nf6 3. g3 c5 4. Bg2 cxd4 5. Nxd4 a6 6. 0-0 d6 7. c4 Qc7 8. b3 Be7 9. Bb2 0-0 10. Nc3 Ra7 11. Rc1 Bd7 12. Qd2 Rc8 13. Rfd1 b6 14. a4 Qd8 15. e4 Nc6 16. Nxc6 Bxc6 17. e5 Ne8 18. exd6 Qxd6 19. Qxd6 Bxd6 20. Bxc6 Rxc6 21. Rd3 Be7 22. Rcd1 Rd6 23. Rxd6 Bxd6 24. a5 bxa5 25. Na4 f6 26. Bd4 Rb7 27. Bb6 Bc7 28. c5 Bxb6 29. cxb6 Kf7 30. Rd8 Ke7 31. Ra8 Nd6 32. Rxa6 Nc8 33. Rxa5 Kd6 34. Rb5 Kc6 35. Rc5+ Kd7 36. Rh5 Kd6 37. Rxh7 Nxb6 38. Nxb6 Rxb6 39. Rxg7 Rxb3 40. h4 f5 41. Rf7 Ke5 42. h5 Ke4 43. Kg2 Rb8 44. h6 Rh8 45. h7 e5 46. Kh3 Kd5 47. Kh4 Ke6 48. Ra7 Kf6 49. Ra6+ 1-0